Current issues in environmental ecocomics
Αποθηκεύτηκε σε:
| Άλλοι συγγραφείς: | , , |
|---|---|
| Μορφή: | Βιβλίο |
| Γλώσσα: | English |
| Δημοσίευση: |
Manchester :
Manchester University Press,
c1995
|
| Θέματα: | |
| Ετικέτες: |
Προσθήκη ετικέτας
Δεν υπάρχουν, Καταχωρήστε ετικέτα πρώτοι!
|
MARC
| LEADER | 00000nam a2200000 i 4500 | ||
|---|---|---|---|
| 001 | 1/15846 | ||
| 008 | 980717s1995 eng d | ||
| 020 | |a 0-7190-3845-6 | ||
| 035 | |l 10019985 | ||
| 040 | |a GR-MY-UA |b |e aacr | ||
| 041 | 0 | |a eng | |
| 082 | 0 | |a 333.7 | |
| 245 | 1 | 0 | |a Current issues in environmental ecocomics / |c edited by Per-Olov Johansson: Bengt Kristrom; Karl-Goran Maler |
| 260 | |a Manchester : |b Manchester University Press, |c c1995 | ||
| 300 | |a 199 σ. |b διαγρ., πίν. | ||
| 504 | |a Περιλαμβάνει βιβλιογραφικές παραπομπές και ευρετήριο | ||
| 650 | 0 | 0 | |a Environmental economics. |
| 700 | 1 | |a Johansson, Per-Olov |d 1949- |4 edt | |
| 700 | 1 | |a Kristrom, Bengt. |4 edt | |
| 700 | 1 | |a Maler, Karl-Goran. |4 edt | |
| 852 | |a INST |b LESVOS |e 19980717 |h 333.7 CUR |p 005100013544 |q 005100013544 |t BK |y 0 | ||
| 901 | |a BIBL-1998-2 | ||
| 909 | |a Λ |b 058494 | ||
| 922 | |a 1ΕΛΗ |b 199807 |c ΚΠΣ/ΤΠ |d ΠΑΠΑΣΩΤΗΡΙΟΥ | ||
| 950 | |a 107-1998-04-06 | ||